| 000 | 00719nam a2200253 i 4500 | ||
|---|---|---|---|
| 001 | 13411 | ||
| 003 | ES-MaACL | ||
| 005 | 20230906150553.0 | ||
| 007 | t| | ||
| 008 | 980305s1990 sp ||||1| spa d | ||
| 020 | _a84-404-9873-X | ||
| 080 | _a398.5(091) | ||
| 100 | 1 |
_aJurkowski, Henryk. _967336 |
|
| 245 | 1 | 0 |
_aConsideraciones sobre el teatro de títeres / _cHenryk Jurkowski. |
| 250 | _a1ª ed. | ||
| 260 |
_aBilbao : _bConcha de la Casa, _c1990. |
||
| 300 |
_a124 p. : _bil. ; _c20 cm. |
||
| 490 | 1 | _aColección de ensayos | |
| 650 | 4 |
_aTeatro de títeres. _9141152 |
|
| 650 | 4 |
_aTíteres. _9171946 |
|
| 830 | 1 |
_aColección de ensayos _9228411 |
|
| 852 |
_aES-MaACL _jL-20755 |
||
| 999 |
_c13411 _d13411 |
||